01286nam a22002897a 4500003000400000005001700004008004100021040002200062082001800084100002500102245003000127260006000157300002100217366000800238490002900246505009000275505024200365505001200607650005500619650004700674650004800721650004300769650004500812650005600857650004700913700003600960OSt20230621122757.0221006b |||||||| |||| 00| 0 eng d cBiblioteca Lado V a709.05bG851a aGriffin, Timeeditor aArtforum/bInternacional/ aNew Yorkc1989bNew York editorial and business offices c26.5x27cma204p. espa aOctubrev1989x0864-1315 tCOLUMNSaOBJECT INVISIBILITY BLUES BOOKS BELIEVE IT OR NOT TROUBLESHOOTERS FOLIO tFEATURESgA PROFUSION OF SUBSTANCE CONTROL: GRAN FURY WORLD FAIRNESS ART AFTER SCIENCE MAURIZIO MOCHETTI BARBARA BLOOM AND HER ART OF ENTERTAINMENT SEDUCED AND TERRORIZED STADIUM FOUND AND LOST A CINEMA OF CRUELTY: ANTONIN ARTAUD tREVIEWS 2Tesauro de Arte & ArquitecturaaARTE COMTEMPORANEO 2Tesauro de Arte & ArquitecturaaFOTOGRAFIA 2Tesauro de Arte & ArquitecturaaARTE VISUAL 2Tesauro de Arte & ArquitecturaaLIBROS 2Tesauro de Arte & ArquitecturaaNOTICIAS 2 Tesauro de Arte & ArquitecturaaARTE INTERNACIONAL 2 Tesauro de Arte & ArquitecturaaESCULTURA aNavarreta, Jose Antonioeeditor